| 000 | 00801nam a2200205 i 4500 | ||
|---|---|---|---|
| 001 | 42967 | ||
| 003 | ES-MaACL | ||
| 005 | 20250820121615.0 | ||
| 007 | t| | ||
| 008 | 030314s1948 sp ||||1| spa d | ||
| 100 | 1 |
_aCencillo de Pineda, Manuel. _937399 |
|
| 245 | 1 | 3 |
_aEl brigadier Conde de Argelejo y su expedición militar a Fernando Poo en 1978 / _cpor Manuel Cencillo de Pineda ; prólogo de José Díaz de Villegas. |
| 260 |
_aMadrid : _bInstituto de Estudios Africanos, _c1948. |
||
| 300 |
_a221 p., 16 lám. : _bil. ; _c21 cm. |
||
| 700 | 1 |
_aDíaz de Villegas, José, _d1894-1968 _944253 |
|
| 710 | 2 |
_aConsejo Superior de Investigaciones Científicas (España) _93236 |
|
| 710 | 2 |
_aInstituto de Estudios Africanos. _94881 |
|
| 852 |
_aES-MaACL _jF-5250 _bR.26507 |
||
| 999 |
_c42967 _d42967 |
||